000 005630000a22002050004500
003 LK-CoMWRAF
005 20230825210219.0
008 230817t2001 ||||| |||| 00| 0 eng d
020 _a9558425281
040 _aLK-CoMWRAF
_dLK-CoMWRAF
_eLK-CoMWRAF
041 _aeng
082 _a823
_bSPI
100 _aSpittel, R.L.
245 _aVanished Trails :
_bThe last of the Veddas
250 _aSooriya Edition (2001)
260 _aSri Lanka (Colombo 10)
_bSooriya Publishers (Athula Jayakody)
_c1950
300 _a277p
650 _aEnglish Fiction
942 _cBK
999 _c2437
_d2437